| 000 | 01530nam a2200205 a 4500 | ||
|---|---|---|---|
| 001 | 000012929 | ||
| 003 | OSt | ||
| 005 | 20201110132356.0 | ||
| 008 | 081117s1990 dr ac 000 0 spa d | ||
| 040 |
_aDO-SdBNP _bspa _cBNPHU |
||
| 100 | 1 |
_aSánchez de Luciano, Daysi _91249 |
|
| 245 | 1 | 0 |
_aMatemática : _beducación primaria / _cDaysi Sánchez de Luciano. |
| 260 |
_aSanto Domingo, : _bDisesa, _c1990. |
||
| 300 |
_av. : _bil., retrs. ; _c27 cm. |
||
| 500 | _aEducación primaria. | ||
| 500 | _aLa biblioteca solamente posee el volumen 6. | ||
| 500 | _aAprobado como libro de texto básico para el sexto curso de la educación primaria por la Secretaría de Estado de Educación, Bellas artes y Cultos mediante oficio No. 5103 de fecha 1 de agosto de 1989. | ||
| 505 | 0 |
_av. 6 : _tPrólogo -- _tEcuaciones en las que se aplica la adicción y la sustración de números naturales -- _tEcuaciones en las que se aplica la multiplicación y división de los números naturales -- _tPotencias de números naturales. Raíces cuadradas -- _tLos números fraccionarios -- _tOperaciones con números fraccionarios -- _tLas fracciones decimales -- _tRazón. Proporción. Tanto por ciento. Interés simple -- _tDibujos a escala. Ampliación y reducción -- _tRecolección y análisis de datos -- _tUnidades de medida -- _tOperaciones con diferentes unidades de medida de un mismo sistema -- _tElementos del plano. Polígonos -- _tPerímetros -- _tsuperficies. Areas de polígonos -- _tPrismas. Volúmenes y otras unidades de medida -- |
|
| 942 |
_2ddc _cLBS1 |
||
| 999 |
_c12577 _d12577 |
||